[Event "AUTO-ADV-4679"]
[Site "http://www.queenalice.com/game.php?id=1830911"]
[Date "2024.2.5"]
[Round "3"]
[White "daddyrat"]
[Black "Anusha"]
[Result "1-0"]
[WhiteElo "1807"]
[BlackElo "1699"]

1. d4 Nf6 2. Nc3 d5 3. Bf4 e6 4. Nb5 Bb4+ 5. c3 Bd6 6. Nxd6+ cxd6 7. Nf3 Bd7 8.
Bxd6 Qb6 9. Ba3 Nc6 10. e3 a6 11. Bd3 Rc8 12. O-O Qd8 13. Ne5 1-0

[Event "AUTO-ADV-4679"]
[Site "http://www.queenalice.com/game.php?id=1830912"]
[Date "2024.2.5"]
[Round "3"]
[White "Anusha"]
[Black "daddyrat"]
[Result "0-1"]
[WhiteElo "1687"]
[BlackElo "1819"]

1. d4 d5 2. Bf4 Nc6 3. e3 a6 4. Nf3 h6 5. c3 Nf6 6. h3 e6 7. Bd3 Bd6 8. Ne5 Bxe5
9. dxe5 Ne4 10. Nd2 Nc5 11. Bc2 Nd7 12. Nf3 f5 0-1

[Event "AUTO-OPEN-4526"]
[Site "http://www.queenalice.com/game.php?id=1836373"]
[Date "2024.5.6"]
[Round "1"]
[White "peonaislado"]
[Black "daddyrat"]
[Result "0-1"]
[WhiteElo "1734"]
[BlackElo "1832"]

1. d4 d5 2. Nc3 Nc6 3. Nf3 Bf5 4. Bf4 e6 5. e3 a6 6. Be2 Nb4 7. Bg5 Be7 8. Bxe7
Nxe7 9. O-O Bxc2 10. Qd2 Bf5 11. Rac1 O-O 12. a3 Nbc6 13. h3 Ng6 14. Kh1 Nh4 15.
Nxh4 Qxh4 16. Bf3 Bxh3 17. g3 Qh6 18. Rfd1 Bg4+ 0-1

[Event "AUTO-OPEN-4526"]
[Site "http://www.queenalice.com/game.php?id=1836374"]
[Date "2024.5.6"]
[Round "1"]
[White "daddyrat"]
[Black "peonaislado"]
[Result "0-1"]
[WhiteElo "1828"]
[BlackElo "1790"]

1. d4 d5 2. Nf3 Nf6 3. c4 e6 4. Nc3 Bb4 5. Qa4+ Nc6 6. c5 O-O 7. Bd2 b6 8. e3
Bb7 9. Qc2 bxc5 10. dxc5 Bxc5 11. Na4 Bd6 12. Bd3 h6 13. a3 Qe7 14. b4 Ne5 15.
Nxe5 Bxe5 16. Rc1 d4 17. O-O Qd6 18. f4 Ng4 19. Be2 Nxe3 20. Bxe3 dxe3 21. Rcd1
Bd4 22. Nb2 Qb6 23. Nc4 Qc6 24. Rf3 e5 25. fxe5 Bxe5 26. Nxe3 Qxc2 27. Nxc2 Bxf3
28. Bxf3 Rad8 29. Re1 Rfe8 30. Kh1 Bc3 31. Rf1 f5 32. h3 Rd2 33. Bc6 Ree2 34.
Rxf5 Rxc2 35. Bd5+ Kh7 36. Rf1 Re1 37. Rxe1 Bxe1 38. Be4+ g6 39. Bxc2 h5 40. g4
Kh6 41. Kg2 hxg4 42. hxg4 Kg5 43. Kf3 a5 44. b5 Kf6 45. Ke2 Bg3 46. Kf3 Bd6 47.
a4 Bb4 48. Be4 g5 49. Bc6 Ke5 50. Be8 Kd4 51. Bf7 Kc3 52. Ke4 Bc5 53. Kd5 Kb4
54. Kc6 Bb6 55. Bg6 Kxa4 56. Bc2+ Kb4 57. Bf5 a4 58. Be6 a3 59. Kd7 Kc3 60. Ke7
Kb2 61. Kf6 Be3 0-1

[Event "AUTO-OPEN-4526"]
[Site "http://www.queenalice.com/game.php?id=1836403"]
[Date "2024.5.6"]
[Round "1"]
[White "daddyrat"]
[Black "TammieM3ENF"]
[Result "1-0"]
[WhiteElo "1844"]
[BlackElo "1124"]

1. d4 d5 2. Nf3 c6 3. Nc3 b5 4. e4 a5 5. e5 b4 6. Na4 Na6 7. c3 c5 8. dxc5 bxc3
9. bxc3 d4 10. cxd4 Nb4 11. Nb6 Ra7 12. Nxc8 Qxc8 13. Bb5+ Rd7 14. Bxd7+ Qxd7
15. a3 Nc6 16. O-O a4 17. Qxa4 f6 18. exf6 exf6 19. Re1+ Kf7 20. Qb3+ Kg6 21.
Nh4+ Kh5 22. Re4 f5 23. Qf3# 1-0

[Event "AUTO-OPEN-4526"]
[Site "http://www.queenalice.com/game.php?id=1836404"]
[Date "2024.5.6"]
[Round "1"]
[White "TammieM3ENF"]
[Black "daddyrat"]
[Result "0-1"]
[WhiteElo "1076"]
[BlackElo "1830"]

1. d4 d5 2. e4 dxe4 3. f3 Nf6 4. h4 Nc6 5. g4 exf3 6. Nxf3 Bxg4 7. Bg2 e6 8. h5
Nxh5 9. Bh3 Nf6 10. Ng5 Bxd1 11. Kxd1 Qxd4+ 12. Bd2 Qxb2 13. Ke2 Qxa1 14. Rh2
Qe5+ 15. Be3 Qxh2+ 16. Kd1 O-O-O+ 17. Kc1 Nb4 18. c3 Qc2# 0-1

[Event "AUTO-OPEN-4526"]
[Site "http://www.queenalice.com/game.php?id=1836405"]
[Date "2024.5.6"]
[Round "1"]
[White "daddyrat"]
[Black "pomar"]
[Result "1/2-1/2"]
[WhiteElo "1846"]
[BlackElo "1915"]

1. d4 e6 2. e4 d5 3. e5 c5 4. dxc5 Bxc5 5. Nf3 Qb6 6. Qd2 Nc6 7. c3 Nge7 8. b4
Nxb4 9. cxb4 Bxb4 10. Nc3 Bd7 11. Rb1 Qa5 12. Bb2 Rc8 13. Rc1 Bxc3 14. Rxc3 Qxa2
15. Be2 Qb1+ 16. Bd1 O-O 17. O-O Ng6 18. Ba4 Qxf1+ 19. Kxf1 Bxa4 20. Rxc8 Rxc8
21. g3 h6 22. Kg2 Rc2 23. Qa5 Bc6 24. Bd4 a6 25. Qd8+ Kh7 26. Qc7 Rc4 27. Qxf7
a5 28. Qxe6 a4 29. Qf5 a3 30. Nh4 Rxd4 31. Qxg6+ Kg8 32. Qe6+ Kh7 33. Qf5+ Kg8
1/2-1/2

[Event "AUTO-OPEN-4526"]
[Site "http://www.queenalice.com/game.php?id=1836406"]
[Date "2024.5.6"]
[Round "1"]
[White "pomar"]
[Black "daddyrat"]
[Result "1-0"]
[WhiteElo "1891"]
[BlackElo "1849"]

1. f3 e5 2. Kf2 d5 3. e3 Bc5 4. g3 d4 5. Be2 Nh6 6. Kg2 b6 7. c4 Bb7 8. a3 dxe3
9. dxe3 Qxd1 10. Bxd1 O-O 11. b4 Bd6 12. Bb2 Ng4 13. Bc1 Nd7 14. h3 Nh6 15. Ne2
f5 16. Bb3 Kh8 17. Bb2 Rab8 18. Rd1 Nf6 19. Nbc3 g5 20. Nd5 Kg8 21. Rac1 g4 22.
Nxf6+ Rxf6 23. c5+ Kg7 24. cxd6 gxf3+ 25. Kf2 cxd6 26. Rc7+ Kg6 27. Ng1 Ng4+ 28.
hxg4 fxg4 29. Rd7 h5 30. R1xd6 Rxd6 31. Rxd6+ Kf5 32. Be6+ Ke4 33. Bf7 Rh8 34.
Bg6# 1-0

[Event "AUTO-ADV-4794"]
[Site "http://www.queenalice.com/game.php?id=1838657"]
[Date "2024.6.16"]
[Round "1"]
[White "maurice916"]
[Black "daddyrat"]
[Result "1-0"]
[WhiteElo "1874"]
[BlackElo "1843"]

1. Nf3 d5 2. b3 Nc6 3. e3 e5 4. Bb2 d4 5. exd4 exd4 6. Nxd4 Nxd4 7. c3 Ne6 8. g3
Qd5 9. f3 Nf6 10. Bg2 Qe5+ 11. Kf2 Be7 12. Re1 Qb5 13. d4 O-O 14. c4 Qf5 15. Nc3
Bd6 16. Kg1 Ng5 17. Ne4 Nh3+ 18. Bxh3 Qxh3 19. Nxf6+ gxf6 20. d5 Qf5 21. Qe2
Bc5+ 22. Kg2 Qh3+ 23. Kh1 Qh6 24. Qg2 Bh3 25. Qc2 a5 26. Qc3 Kg7 27. Re4 Bd6 28.
Rh4 Be5 29. Rxh6 1-0

[Event "AUTO-ADV-4794"]
[Site "http://www.queenalice.com/game.php?id=1838658"]
[Date "2024.6.16"]
[Round "1"]
[White "daddyrat"]
[Black "maurice916"]
[Result "0-1"]
[WhiteElo "1859"]
[BlackElo "1858"]

1. d4 Nf6 2. Nc3 g6 3. e4 d6 4. Nf3 Bg7 5. Bg5 Bg4 6. h3 Bxf3 7. Qxf3 e5 8. dxe5
dxe5 9. Rd1 Nbd7 10. Nd5 h6 11. Nxf6+ Bxf6 12. Bxf6 Qxf6 13. Qb3 Rb8 14. Bc4 Nb6
15. Bd3 O-O 16. O-O a6 17. Qa3 Rfe8 18. b3 Kg7 19. Qb2 Qe7 20. f4 f6 21. f5 g5
22. Be2 Rbd8 23. Bh5 Rxd1 24. Rxd1 Qc5+ 25. Kh2 Re7 26. c3 Qe3 27. Bf3 c6 28.
Qa3 c5 29. Qa5 c4 30. Qb4 Rc7 0-1

[Event "AUTO-ADV-4794"]
[Site "http://www.queenalice.com/game.php?id=1838673"]
[Date "2024.6.16"]
[Round "1"]
[White "daddyrat"]
[Black "altair"]
[Result "0-1"]
[WhiteElo "1810"]
[BlackElo "1725"]

1. d4 d5 2. Nf3 h6 3. c4 e6 4. c5 c6 5. e3 a6 6. Bd3 Nf6 7. Bd2 Be7 8. Nc3 O-O
9. Ne5 Nbd7 10. Ng4 Qc7 11. e4 Nxg4 12. Qxg4 e5 13. exd5 Nf6 14. Qg3 cxd5 15.
O-O Nh5 16. Qxe5 Qxe5 17. dxe5 Bxc5 18. Nxd5 Be6 19. Nc7 Rac8 20. Nxe6 fxe6 21.
Bc3 Rfd8 22. Rad1 Rd7 23. Bc4 Re7 24. g3 Bxf2+ 25. Rxf2 Rxc4 26. Rd8+ Kh7 27.
Rd4 Rxd4 28. Bxd4 g6 29. g4 Ng7 30. h4 h5 31. gxh5 gxh5 32. Bc5 Rc7 33. b4 Nf5
34. Rf4 Rg7+ 35. Kh2 Rg4 36. Rxg4 hxg4 37. Kg2 Kh6 38. Bf2 Kg6 39. a4 Kh5 40. b5
Nxh4+ 41. Kg3 Ng6 42. bxa6 bxa6 43. Bd4 Ne7 44. Bc5 Nf5+ 45. Kf4 g3 46. Kf3 Kh4
47. Kg2 Kg4 48. Bg1 Kf4 49. Kh3 Kxe5 50. Kg4 Ke4 51. Kh3 Kf3 52. a5 e5 53. Bc5
e4 54. Bb6 e3 55. Bxe3 Nxe3 0-1

[Event "AUTO-ADV-4794"]
[Site "http://www.queenalice.com/game.php?id=1838674"]
[Date "2024.6.16"]
[Round "1"]
[White "altair"]
[Black "daddyrat"]
[Result "1-0"]
[WhiteElo "1699"]
[BlackElo "1791"]

1. e4 e5 2. d3 Nf6 3. a3 Nc6 4. Nf3 Bc5 5. Nc3 h6 6. Be2 d5 7. exd5 Nxd5 8. Bd2
Nd4 9. Nxd4 Bxd4 10. Bf3 Nxc3 11. Bxc3 O-O 12. O-O c6 13. Bxd4 Qxd4 14. c3 Qd6
15. Re1 Bf5 16. d4 exd4 17. cxd4 Rad8 18. Qd2 Qxd4 19. Qxd4 Rxd4 20. h3 Be6 21.
Rac1 Rfd8 22. Bg4 Bxg4 23. hxg4 Rxg4 24. Re7 Rb8 25. Rd1 a5 26. Rdd7 b5 27. Rxf7
Rg6 28. Ra7 a4 29. Rfc7 Rd8 30. Ra6 Rdd6 31. Rc8+ Kf7 32. Rc7+ Ke8 33. Ra8+ Rd8
34. Rxd8+ Kxd8 35. Rf7 Ke8 36. Rf3 Ke7 37. Rc3 Kd6 38. f4 Kd5 39. Kf2 c5 40. g3
Kd4 41. Kf3 b4 42. axb4 cxb4 43. Re3 h5 44. Re5 Kc4 45. Rxh5 Kb3 46. Rh2 a3 47.
bxa3 Kxa3 48. f5 Rg5 49. Kf4 Rxf5+ 50. Kxf5 b3 51. Kg6 b2 52. Rxb2 Kxb2 53. g4
Kc3 54. g5 Kd4 55. Kxg7 Ke5 56. Kf7 Kf5 57. g6 Kg5 58. g7 Kf5 59. g8=Q Ke5 60.
Qg4 Kd6 61. Qf5 Kc6 62. Qe5 Kd7 63. Qe6+ Kc7 64. Ke7 Kb7 65. Qd6 Kc8 66. Qd7+
Kb8 67. Kd6 Ka8 68. Kc6 Kb8 69. Kb6 Ka8 70. Qd8# 1-0

[Event "AUTO-ADV-4794"]
[Site "http://www.queenalice.com/game.php?id=1838675"]
[Date "2024.6.16"]
[Round "1"]
[White "daddyrat"]
[Black "Canaye14"]
[Result "0-1"]
[WhiteElo "1851"]
[BlackElo "2000"]

1. d4 e6 2. e4 d5 3. e5 c5 4. dxc5 Bxc5 5. Be3 d4 6. Bd2 Nc6 7. Nf3 Qb6 8. Bd3
Qxb2 9. Na3 Qxa3 10. O-O Bb6 11. Qe2 Qe7 12. a3 Qc7 13. c3 dxc3 14. Bxc3 Nge7
15. Rfc1 h6 16. Be4 O-O 17. Bd2 Qb8 18. Bf4 Rd8 19. Rd1 a6 20. Be3 Qa7 21. Rd3
Bd7 22. Rad1 Be8 23. g4 Rxd3 24. Bxb6 Rxd1+ 25. Kg2 Qxb6 26. Qxd1 Rd8 27. Qe2
Nd4 28. Qe3 Qb2 29. g5 Nxf3 30. Kxf3 Bc6 31. gxh6 Bxe4+ 32. Kxe4 g6 33. h4 Nf5
34. h7+ Kh8 35. h5 Nxe3 0-1

[Event "AUTO-ADV-4794"]
[Site "http://www.queenalice.com/game.php?id=1838676"]
[Date "2024.6.16"]
[Round "1"]
[White "Canaye14"]
[Black "daddyrat"]
[Result "1/2-1/2"]
[WhiteElo "1964"]
[BlackElo "1855"]

1. d4 d5 2. Nf3 Nc6 3. Bf4 e6 4. e3 Bd6 5. Ne5 Nf6 6. Bb5 Bxe5 7. Bxe5 Bd7 8.
Bg3 Ne4 9. Qf3 Qe7 10. Bxc7 Qb4+ 11. Nc3 Qxb2 12. Nxe4 Qb4+ 13. Nd2 Qxb5 14. Rb1
Qa6 15. Rb2 b6 16. Bd6 Rc8 17. Qe2 Qxe2+ 18. Kxe2 Nd8 19. Rc1 Nb7 20. Ba3 f5 21.
Ke1 Kf7 22. Nf3 Kf6 23. Ne5 Ba4 24. c4 dxc4 25. Rxc4 Rxc4 26. Nxc4 b5 27. Nd6
Nxd6 28. Bxd6 Rc8 29. Kd2 Rd8 30. Be5+ Kg6 31. f3 Rc8 32. e4 fxe4 33. fxe4 a5
34. d5 exd5 35. exd5 Rc5 36. Bg3 Rxd5+ 37. Ke3 Rc5 38. Rf2 b4 39. Bd6 Rc3+ 40.
Kd4 Rc2 41. Rxc2 Bxc2 42. Kc4 Kf5 43. Kb5 b3 44. axb3 Bxb3 45. Kxa5 Kg4 46. Kb4
Bd5 47. g3 Kh3 48. Kc5 Bf3 49. Kd4 Kxh2 50. Ke3 Kg2 51. Kf4 g6 52. Kg5 Bd5
1/2-1/2

[Event "Challenge"]
[Site "http://www.queenalice.com/game.php?id=1838782"]
[Date "2024.6.17"]
[Round "-"]
[White "daddyrat"]
[Black "cdare"]
[Result "1-0"]
[WhiteElo "1761"]
[BlackElo "1839"]

1. Nf3 d5 2. d4 h6 3. c4 Nf6 4. e3 Bg4 5. c5 Nc6 6. h3 Bxf3 7. Qxf3 a6 8. Nc3 e6
9. a3 Be7 10. Bd3 O-O 11. O-O Nh7 12. e4 Nxd4 13. Qg4 Bg5 14. exd5 Nb3 15. Bxh7+
Kxh7 16. Qe4+ Kh8 17. Bxg5 Qxg5 18. dxe6 fxe6 19. Rad1 Nxc5 20. Qc2 b6 21. b4
Nb7 22. Ne4 Qg6 23. Rd2 Nd6 24. Nxd6 Qxc2 25. Rxc2 cxd6 26. Rc6 Rab8 27. Rxd6
Rfe8 28. Re1 e5 29. f3 Kh7 30. g4 a5 31. bxa5 bxa5 32. Rd5 a4 33. Ra5 Ra8 34.
Raxe5 Rxe5 35. Rxe5 Rb8 36. Ra5 Rb3 37. Rxa4 Rxf3 38. Kg2 Rb3 39. Ra6 Rb2+ 40.
Kg3 Rb3+ 41. Kh4 Kg8 42. a4 Rb8 43. Ra7 Kh7 44. Kh5 Rb3 45. h4 Rb4 46. a5 Rb5+
47. g5 hxg5 48. hxg5 Rf5 49. a6 Rf1 50. g6+ Kg8 51. Ra8+ 1-0

[Event "Challenge"]
[Site "http://www.queenalice.com/game.php?id=1840705"]
[Date "2024.7.23"]
[Round "-"]
[White "cdare"]
[Black "daddyrat"]
[Result "1-0"]
[WhiteElo "1810"]
[BlackElo "1780"]

1. e4 e5 2. Nf3 Nc6 3. Nc3 d6 4. h3 f5 5. Bb5 Bd7 6. d3 f4 7. O-O a6 8. Bxc6
Bxc6 9. b3 Qf6 10. Bb2 g5 11. Nh2 h5 12. f3 Ne7 13. a4 Bd7 14. b4 Bxh3 15. gxh3
Qe6 16. Kg2 O-O-O 17. b5 a5 18. Qe1 g4 19. fxg4 hxg4 20. Nxg4 b6 21. Rh1 Ng6 22.
Nd5 Bg7 23. Qc3 Rd7 24. Qc6 Nh4+ 25. Kf2 Kb8 26. Rag1 Ng6 27. Bc3 Ne7 28. Nxe7
Qxe7 29. Ke2 Qd8 30. Be1 Rf7 31. Kd2 f3 32. Qd5 Rhf8 33. Bf2 Bh6+ 34. Nxh6 Rh7
35. Qe6 Qf6 36. Qxf6 Rxf6 37. Ng4 Rg6 38. Ke3 Rf7 39. Rg3 Kb7 40. Rxf3 Rxf3+ 41.
Kxf3 c6 42. c4 Rg5 43. Be3 Rh5 44. Nf6 cxb5 45. Nxh5 1-0